[Event "NED-ch U16"]
[Site "Almelo"]
[Date "2022.05.07"]
[Round "7"]
[White "Bakija, Alan"]
[Black "Smid, Jelle"]
[Result "1-0"]
[WhiteElo "1868"]
[BlackElo "1450"]
[PlyCount "65"]
[EventDate "2022.05.01"]
[EventType "swiss"]
[EventRounds "9"]
[EventCountry "NED"]
[SourceTitle "EXT 2023"]
[Source "ChessBase"]
[SourceDate "2022.10.05"]
[SourceVersion "1"]
[SourceVersionDate "2022.10.05"]
[SourceQuality "1"]

1. Nf3 f5 2. c4 Nf6 3. g3 d6 4. d4 e6 5. Bg2 Be7 6. 0-0 0-0 7. b3 Ne4 8. Bb2 Bf6 9. Nbd2 Nxd2 10. Qxd2 Qe7 11. Ne1 e5 12. dxe5 dxe5 13. Nd3 Nd7 14. e4 f4 15. gxf4 exf4 16. e5 Bg5 17. Bd5+ Kh8 18. f3 Rd8 19. Qg2 Nf8 20. Ba3 Qxa3 21. Qxg5 Be6 22. Nxf4 Bg8 23. Bxb7 Rab8 24. Bd5 Re8 25. Kh1 Qb2 26. Rae1 Rb6 27. Rg1 Ng6 28. Bxg8 Kxg8 29. Nd5 Ra6 30. Rg2 Rxe5 31. Qd8+ Kf7 32. Rxb2 Rxe1+ 33. Kg2 1-0

[Event "NED-ch U16"]
[Site "Almelo"]
[Date "2022.05.04"]
[Round "4"]
[White "Smid, Jelle"]
[Black "Wage, Sander"]
[Result "1/2-1/2"]
[WhiteElo "1450"]
[BlackElo "1859"]
[PlyCount "102"]
[EventDate "2022.05.01"]
[EventType "swiss"]
[EventRounds "9"]
[EventCountry "NED"]
[SourceTitle "EXT 2023"]
[Source "ChessBase"]
[SourceDate "2022.10.05"]
[SourceVersion "1"]
[SourceVersionDate "2022.10.05"]
[SourceQuality "1"]

1. d4 Nf6 2. c4 g6 3. Nc3 Bg7 4. e4 d6 5. h3 0-0 6. Be3 c5 7. Nge2 Qa5 8. Qd2 Nc6 9. Rd1 b6 10. g3 cxd4 11. Nxd4 Ne5 12. f4 Bb7 13. fxe5 dxe5 14. Nb3 Qb4 15. Nd5 Qxd2+ 16. Nxd2 Nh5 17. Nxe7+ Kh8 18. g4 Ng3 19. Rg1 Nxe4 20. Nxe4 Bxe4 21. Bg2 Bxg2 22. Rxg2 f5 23. gxf5 gxf5 24. Rd7 f4 25. Bf2 e4 26. Nf5 Bxb2 27. Rg5 Rad8 28. Bd4+ Bxd4 29. Rxd4 Rxd4 30. Nxd4 h6 31. Rf5 Rc8 32. Rxf4 Rxc4 33. Rxe4 Ra4 34. Re8+ Kh7 35. Nc6 Rxa2 36. Re7+ Kg6 37. Rxa7 Rh2 38. Ra3 Rb2 39. Ne5+ Kf5 40. Nd3 Rb5 41. Ke2 Rb1 42. Ra4 Rh1 43. Nf2 Rb1 44. Nd3 Rh1 45. h4 Rb1 46. Rf4+ Kg6 47. Ke3 Ra1 48. Rb4 Kh5 49. Ne5 Ra5 50. Nf3 b5 51. Rb3 Kg4 1/2-1/2

[Event "NED-ch U16"]
[Site "Almelo"]
[Date "2022.05.01"]
[Round "1"]
[White "Groen, Jari"]
[Black "Smid, Jelle"]
[Result "1-0"]
[WhiteElo "1750"]
[BlackElo "1450"]
[PlyCount "129"]
[EventDate "2022.05.01"]
[EventType "swiss"]
[EventRounds "9"]
[EventCountry "NED"]
[SourceTitle "EXT 2023"]
[Source "ChessBase"]
[SourceDate "2022.10.05"]
[SourceVersion "1"]
[SourceVersionDate "2022.10.05"]
[SourceQuality "1"]

1. e4 e6 2. d4 d5 3. Nc3 Nc6 4. e5 f6 5. Bd3 Qe7 6. Nf3 Qf7 7. Bf4 f5 8. 0-0 h6 9. h4 g6 10. Ne2 Nb4 11. c4 Bd7 12. Nc3 Ne7 13. Rc1 Nxd3 14. Qxd3 Bc6 15. b3 Qh7 16. Bd2 g5 17. Rfd1 gxh4 18. Nxh4 Rd8 19. Bf4 Rg8 20. c5 Rg4 21. g3 Ng6 22. Nxg6 Rxg6 23. Kf1 Be7 24. Ke1 h5 25. Kd2 Kf7 26. Rh1 h4 27. gxh4 Rg4 28. Ne2 a6 29. a4 Rxh4 30. Rxh4 Qxh4 31. Qg3 Rh8 32. Rg1 Qxg3 33. Nxg3 Rh4 34. Ne2 Be8 35. Ke3 Kf8 36. Bg5 Rh3+ 37. f3 Bxg5+ 38. Rxg5 Rh1 39. Kd2 b5 40. cxb6 cxb6 41. Nf4 Bf7 42. Rg3 Rh2+ 43. Kc3 Rh8 44. Rh3 Rxh3 45. Nxh3 Ke7 46. Kb4 Kd7 47. a5 Kc6 48. Ng5 Bg8 49. Ka4 Kb7 50. Nh3 Bf7 51. Nf4 Be8+ 52. Kb4 Bd7 53. Ng6 Kc7 54. Nf8 Bc8 55. Ka4 Kb7 56. axb6 Kxb6 57. b4 Kb7 58. Ka5 Ka7 59. b5 axb5 60. Kxb5 Kb7 61. Kc5 Kc7 62. f4 Bd7 63. Nxd7 Kxd7 64. Kb6 Ke8 65. Kc6 1-0